[Event "SUI-chT"]
[Site "SUI"]
[Date "1996.??.??"]
[Round "7"]
[White "Partos, Charles"]
[Black "Kelecevic, Nedeljko"]
[Result "1/2-1/2"]
[WhiteElo "2385"]
[BlackElo "2475"]
[PlyCount "97"]
[EventDate "1996.??.??"]
[Source "ChessBase"]

1. c4 e6 2. d4 d5 3. Nf3 Nf6 4. Nc3 Be7 5. Bg5 O-O 6. e3 Nbd7 7. Qc2 c5 8. cxd5 cxd4 9. exd4 Nxd5 10. Bxe7 Nxe7 11. Bd3 Nf6 12. O-O-O Ned5 13. Nxd5 Qxd5 14. Bc4 Qd6 15. Ne5 Bd7 16. Kb1 Bc6 17. f3 Rac8 18. Qb3 Rfd8 19. Rhe1 Bd5 20. Bxd5 Qxd5 21. Qxd5 Nxd5 22. g3 Ne7 23. f4 Nf5 24. Nf3 Kf8 25. Rd3 Ne7 26. Rc1 Nd5 27. a3 f6 28. Nd2 Rxc1+ 29. Kxc1 h6 30. Ne4 Kf7 31. Nc3 Ne7 32. Kd2 g5 33. Ne2 Nd5 34. Rb3 b6 35. Kd3 Ke7 36. Ke4 f5+ 37. Kf3 Rc8 38. Nc3 Nf6 39. h3 Rg8 40. Rb5 gxf4 41. gxf4 Kd6 42. Re5 h5 43. d5 Nxd5 44. Nxd5 exd5 45. Rxf5 h4 46. Ke3 Rg1 47. Rh5 Rg3+ 48. Kd4 Rxh3 49. Rxd5+ 1/2-1/2

[Event "CSR Ch"]
[Site "Trinec CZE"]
[Date "1988.??.??"]
[Round "2"]
[White "Stohl, Igor"]
[Black "Plachetka, Jan"]
[Result "1-0"]
[WhiteElo "2445"]
[BlackElo "2415"]
[PlyCount "97"]
[EventDate "1988.08.??"]
[Source "www.chesslib.no"]
[SourceDate "2004.05.04"]

1. Nf3 d5 2. d4 Nf6 3. c4 e6 4. Nc3 Nbd7 5. Bg5 Be7 6. e3 O-O 7. Qc2 c5 8. cxd5 Nxd5 9. Bxe7 Qxe7 10. Nxd5 exd5 11. Bd3 h6 12. dxc5 Nxc5 13. O-O Bg4 14. Nd4 Rac8 15. Rac1 Ne4 16. Qa4 a6 17. Qa5 Nf6 18. h3 Rxc1 19. Rxc1 Rc8 20. Rc3 Rxc3 21. Qxc3 Be6 22. a4 Ne4 23. Qe1 Bd7 24. a5 Qg5 25. Nf3 Qf6 26. Qb4 Bc6 27. Qd4 Qxd4 28. Nxd4 Bd7 29. f3 Nd6 30. Kf2 Kf8 31. Ke2 Ke7 32. Kd2 Nc8 33. Kc3 Kd6 34. h4 Ne7 35. f4 f6 36. Be2 g5 37. hxg5 hxg5 38. g3 Bf5 39. b4 Be4 40. Bg4 f5 41. Bh5 gxf4 42. exf4 Nc6 43. Nxc6 Kxc6 44. Bg6 Kd6 45. Kd4 Kc6 46. Ke5 Kb5 47. g4 Kxb4 48. Bxf5 Bf3 49. g5 1-0